000 00538cam a2200229 4500
001 J90879
008 090401t1998 xxu||||| |||| 00| 0 eng d
035 _a(Sirsi) u85347
041 _aeng
050 _a336.2
110 _aHillier Parker
_92054
245 _aBudget 98.
260 _aLondon
_bHillier Parker
_c1998
300 _a(6)p. ; 30cm.
350 _a0
650 _aBUDGET
650 _aPROPERTY TAXES
650 _aTAXATION
690 _aPROPERTY-PROPERTY FINANCE AND INVESTMENT
942 _n0
948 _c31/03/1998
999 _c97031
_d97031